| 000 | 00652nam a22001937a 4500 | ||
|---|---|---|---|
| 005 | 20231030135514.0 | ||
| 008 | 230828b mx |||||||| |||| 00| 0 spa d | ||
| 020 | _a9707123389 | ||
| 050 | 0 | 4 |
_aKGF2698 _bQ47 2004 |
| 245 | 0 | 0 |
_aQué son las acciones de inconstitucionalidad _c/ Suprema Corte de justicia de la Nación |
| 246 | 1 | 4 | _a¿Qué son las acciones de inconstitucionalidad? |
| 250 | _a2a ed. | ||
| 260 |
_aMéxico : _bSuprema Corte de Justicia de la Nación, _c2004 |
||
| 300 |
_a112 p. ; _c18 cm. |
||
| 504 | _aIncluye bibliografía | ||
| 650 | 7 |
_2lemb _aRevisión judicial |
|
| 650 | 7 |
_2lemb _aTribunales constitucionales |
|
| 942 |
_2lcc _cLIB |
||
| 999 |
_c83531 _d83531 |
||